| 000 | 00763nam a2200265 a 4500 | ||
|---|---|---|---|
| 001 | 584 | ||
| 003 | BR-CuiBMT | ||
| 005 | 20231127034652.0 | ||
| 008 | 231109s2010 spba 000 0 por d | ||
| 020 | _a9788530931414 | ||
| 040 |
_aBR-CuiBMT _cBR-CuiBMT |
||
| 080 |
_22007 _a347 |
||
| 090 |
_a347 _bT195d _c6. ed. |
||
| 100 | 1 | _aTartuce, Flávio | |
| 245 | 1 | 0 |
_aDireito civil / _cFlávio Tartuce. |
| 250 | _a6. ed., rev., atual. e ampl. | ||
| 260 |
_aSão Paulo : _bMétodo, _c2010. |
||
| 300 |
_a6 v. : _bil. ; _c25 cm |
||
| 504 | _aInclui bibliografia. | ||
| 505 | 1 | _av. 1. Lei de introdução e parte geral | |
| 590 | _aA Biblioteca possui apenas o volume 1. | ||
| 650 |
_aDireito civil _zBrasil |
||
| 650 |
_aServiço público _zBrasil |
||
| 942 |
_2udc _cLV |
||
| 999 |
_c584 _d584 |
||